| 000 | 00507nam a22001937a 4500 | ||
|---|---|---|---|
| 003 | OSt | ||
| 005 | 20140425101258.0 | ||
| 008 | 130704t xxu||||| |||| 00| 0 eng d | ||
| 020 | _a0851121802 | ||
| 050 |
_aAG 243 _b.G87 2014 |
||
| 100 | _aGlenday, Craig | ||
| 245 |
_aGuinness World Records 2014 / _b Craig Glenday |
||
| 260 |
_aUSA : _bGuinness World record, _c2014. |
||
| 300 |
_a273 p. : _bill. : col. ; _c32 cm. |
||
| 500 | _aIncludes index | ||
| 562 | _e1 | ||
| 942 |
_2lcc _cBK |
||
| 999 |
_c115490 _d115490 |
||